000 00535nam a2200193 i 4500
001 bgj
100 1 _aRONSTEIN, B.
245 1 0 _aBin ich egentlich echt deutsch? :
_bTesten Sie Ihre Normalität /
_cB. Ronstein.
260 _aMünchen :
_bKnaur,
_c1992.
300 _a142, [1] S. :
_bill. ;
_c19 cm.
651 9 _aDeutschland
_xNationalbewusstsein (Motiv)
655 _aKarikatur
020 _a3426027534
040 _cBPK
041 0 _ager
920 _a3-426-02753-4
942 _cKS
008 s gw f |000 0 ger
999 _c50549
_d50549
856 _uhttp://koha.tu.koszalin.pl/cgi-bin/koha/opac-detail.pl?biblionumber=50549
_yKatalog online BPK